Lingüística : (Record no. 9176)

000 -CABECERA
fixed length control field 00834nam a22002057a 4500
003 - IDENTIFICADOR DEL NÚMERO DE CONTROL
control field AR-CdUCM
008 - DATOS DE LONGITUD FIJA--INFORMACIÓN GENERAL
fixed length control field 190327b ||||| |||| 00| 0 spa d
040 ## - FUENTE DE LA CATALOGACIÓN
Agencia/entidad que catalogó originalmente la obra MUNICIPALIDAD PROVINCIAL DEL CUSCO
Entidad que transcribió la catalogación BIBLIOTECA MUNICIPAL DEL CUSCO
082 ## - NÚMERO DE LA CLASIFICACIÓN DECIMAL DEWEY
No. de Clasificación 410 /
Notacion interna C81
100 ## - ENTRADA PRINCIPAL--NOMBRE DE PERSONA
Nombre Personal Condori Pauccara, José
245 ## - MENCIÓN DE TÍTULO
Título Lingüística :
Resto del título conceptos básicos y cambios fonéticos dialectales /
260 ## - PUBLICACIÓN, DISTRIBUCIÓN, ETC.
Lugar de publicación, distribución, etc. Cusco :
Nombre de la editorial, distribuidor, etc. Editorial galileo,
Fecha de publicación, distribución, etc. 2013.
300 ## - DESCRIPCIÓN FÍSICA
Nº de Páginas Extensión 119 páginas ;
Dimensiones 20.5 cm.
505 ## - NOTA DE CONTENIDO CON FORMATO
Nota de contenido formateada Lingüística: conceptos básicos -- Cambios fonéticos dialectales -- Cambios fonéticos por supresión -- Cambios fonéticos por inducción -- Características de los cambios fonéticos.
650 ## - PUNTO DE ACCESO ADICIONAL DE MATERIA--TÉRMINO DE MATERIA
Descriptor Digtongación
9 (RLIN) 25232
650 ## - PUNTO DE ACCESO ADICIONAL DE MATERIA--TÉRMINO DE MATERIA
Descriptor Vocales abierta y cerradas
9 (RLIN) 25233
650 ## - PUNTO DE ACCESO ADICIONAL DE MATERIA--TÉRMINO DE MATERIA
Descriptor Lenguaje
9 (RLIN) 5227
942 ## - ELEMENTOS DE PUNTO DE ACCESO ADICIONAL (KOHA)
Fuente de clasificación
Tipo de item Libros-BMC
945 ## - PROCESAMIENTO DE INFORMACIÓN LOCAL (OCLC)
Catalogador acv
Holdings
Estado de retiro (separado) Fuente de clasificación o esquema de estanterías Estado dañado Ubicación Sala donde se ubica Nombre de la colección Fecha de adquisición o compra Costo, precio normal en soles Signatura topográfica Código de Barras Última vez visto (Koha) Tipo de ítem (Koha)
No     Sala Humanidades Sala Humanidades Book Cart 2019-03-27 15.00 410 / C81 SH0000009818 2019-03-27 Libros-BMC
No     Sala Humanidades Sala Humanidades Book Cart 2019-03-27 15.00 410 / C81 / e.2 SH0000009819 2019-03-27 Libros-BMC

Powered by Koha